Learning Resource and Development

Slum upgrading and urban renewal of the national government center / (Record no. 31464)

MARC details
000 -LEADER
fixed length control field 01437nam a2200301 i 4500
003 - CONTROL NUMBER IDENTIFIER
control field CSPC
005 - DATE AND TIME OF LATEST TRANSACTION
control field 20260120094340.0
008 - FIXED-LENGTH DATA ELEMENTS--GENERAL INFORMATION
fixed length control field 260114s2009 ph b 000 0 eng d
010 ## - LIBRARY OF CONGRESS CONTROL NUMBER
LC control number 2009316869
020 ## - INTERNATIONAL STANDARD BOOK NUMBER
International Standard Book Number 9789718567708
040 ## - CATALOGING SOURCE
Original cataloging agency CSPC
Language of cataloging eng
Transcribing agency CSPC
Description conventions rda
050 00 - LIBRARY OF CONGRESS CALL NUMBER
Classification number HT178.P552
Item number F73 2009
082 04 - DEWEY DECIMAL CLASSIFICATION NUMBER
Classification number 307.3416
Item number F847s
100 1# - MAIN ENTRY--PERSONAL NAME
Personal name Francisco, Rolyn B.,
Relator term author.
245 10 - TITLE STATEMENT
Title Slum upgrading and urban renewal of the national government center /
Statement of responsibility, etc. Rolyn B. Francisco.
264 #1 - PRODUCTION, PUBLICATION, DISTRIBUTION, MANUFACTURE, AND COPYRIGHT NOTICE
Place of production, publication, distribution, manufacture Diliman, Quezon City :
Name of producer, publisher, distributor, manufacturer National College of Public Administration and Governance, University of the Philippines,
Date of production, publication, distribution, manufacture, or copyright notice 2009.
300 ## - PHYSICAL DESCRIPTION
Extent xvi, 116 pages ;
Dimensions 23 cm.
336 ## - CONTENT TYPE
Source rdacontent
Content type term text
Content type code txt
337 ## - MEDIA TYPE
Source rdamedia
Media type term unmediated
Media type code n
338 ## - CARRIER TYPE
Source rdacarrier
Carrier type term volume
Carrier type code nc
504 ## - BIBLIOGRAPHY, ETC. NOTE
Bibliography, etc. note Includes bibliographical references.
505 2# - FORMATTED CONTENTS NOTE
Formatted contents note The context -- The informal settlements and housing crisis: their causes -- Approaches to solving the housing problem: a historical perspective -- Good governance, housing and land titling concepts -- Beneficiaries' perception of governance -- The researcher's perspective.
650 #0 - SUBJECT ADDED ENTRY--TOPICAL TERM
Topical term or geographic name entry element Urban poor
Form subdivision Housing
General subdivision Government policy
Geographic subdivision Philippines.
650 #0 - SUBJECT ADDED ENTRY--TOPICAL TERM
Topical term or geographic name entry element Urban renewal
Geographic subdivision Philippines.
700 1# - ADDED ENTRY--PERSONAL NAME
Personal name Mariano, Vicente D.,
Relator term editor.
942 ## - ADDED ENTRY ELEMENTS (KOHA)
Source of classification or shelving scheme Dewey Decimal Classification
Suppress in OPAC No
Koha item type Books
Classification part 307.3416
Item part F847s
Call number prefix FIL
Call number suffix 2009
Holdings
Withdrawn status Lost status Source of classification or shelving scheme Damaged status Not for loan Home library Current library Shelving location Date acquired Total Checkouts Full call number Barcode Date last seen Copy number Price effective from Koha item type
    Dewey Decimal Classification     Main Library Main Library Filipiniana Section 01/14/2026   FIL 307.3416 F847s 2009 031070 01/14/2026 1-1 01/14/2026 Books